[Event "Bunratty Masters 2019"]
[Site "Bunratty IRL"]
[Date "2019.02.22"]
[Round "1.1"]
[White "Howell, David"]
[Black "Machin, Guillaume"]
[Result "1-0"]
[WhiteTitle "GM"]
[BlackTitle "CM"]
[WhiteElo "2689"]
[BlackElo "2159"]
[WhiteClub "Cheddleton ENG"]
[BlackClub "Rueil Malmaison FRA"]
[WhiteNationality "ENG"]
[BlackNationality "FRA"]
[WhiteFideId "410608"]
[BlackFideId "616648"]
[PlyCount "77"]
[EventDate "2019.02.22"]
[Source "Live boards / tournament organizers"]
[ICUid "48696"]

{ Annotator: "TA", <a
href="https://en.chessbase.com/post/bunratty-chess-festival-2019">ChessBase.com</a>,
February 26, 2019. } { Event information: <a
href="https://www.irlchess.com/bunratty2019_allfiles/pairings_bunratty2019.html">Tournament
report</a>. }

1. b3 e5 2. Bb2 d6 3. e3 Nf6 4. g3 c6 5. Bg2 Bg4 6. Ne2 Nbd7 7. h3 Bh5 8.
O-O e4 9. d3 exd3 10. cxd3 Bxe2 11. Qxe2 Be7 12. Nd2 O-O 13. e4 Re8 14. f4
Bf8 15. Rae1 Qa5 16. a3 g6 17. d4 d5 18. e5 Nh5 19. Qd3 f5 20. g4 Ng7 21.
gxf5 Nxf5 22. h4 Qd8 23. Nf3 Bh6 24. Bh3 Qe7 25. Bxf5 gxf5 26. Qxf5 Kh8 27.
Ng5 Rg8 28. Kh1 Raf8 29. Qg4 Bxg5 30. hxg5 Rg6 31. Rf3 Rfg8 32. Rh3 Nf8 33.
Re2 R6g7 34. Rh6 Rg6 35. Rh5 R6g7 36. Bc1 c5 37. f5 Qe8 38. e6 Qe7 39. Bf4
1-0

[Event "Bunratty Masters 2019"]
[Site "Bunratty IRL"]
[Date "2019.02.22"]
[Round "1.2"]
[White "Walton, Alan J."]
[Black "McShane, Luke"]
[Result "0-1"]
[WhiteTitle "CM"]
[BlackTitle "GM"]
[WhiteElo "2140"]
[BlackElo "2663"]
[WhiteClub "3Cs ENG"]
[BlackClub "Wood Green ENG"]
[WhiteNationality "ENG"]
[BlackNationality "ENG"]
[WhiteFideId "409898"]
[BlackFideId "404853"]
[PlyCount "96"]
[EventDate "2019.02.22"]
[Source "Live boards / tournament organizers"]
[ICUid "48697"]

{ Annotator: "TA", <a
href="https://en.chessbase.com/post/bunratty-chess-festival-2019">ChessBase.com</a>,
February 26, 2019. } { Event information: <a
href="https://www.irlchess.com/bunratty2019_allfiles/pairings_bunratty2019.html">Tournament
report</a>. }

1. d4 Nf6 2. Bg5 d5 3. e3 c5 4. c3 Nc6 5. Nf3 Qb6 6. Qb3 c4 7. Qxb6 axb6 8.
Nbd2 b5 9. Be2 e6 10. O-O b4 11. cxb4 Bxb4 12. a3 Be7 13. Rfc1 b5 14. h3
Bd7 15. g4 h5 16. Ne5 hxg4 17. Bxf6 gxf6 18. Nxc6 Bxc6 19. hxg4 Kd7 20. Kg2
f5 21. Rh1 Rhg8 22. Rh7 Raf8 23. f3 e5 24. dxe5 d4 25. exd4 Rxg4+ 26. Kh3
Rxd4 27. Rd1 Ke6 28. Rh6+ f6 29. exf6 Bxf6 30. Nf1 Rxd1 31. Bxd1 Rh8 32.
Rxh8 Bxh8 33. b3 Ke5 34. bxc4 bxc4 35. Ne3 c3 36. Bc2 f4 37. Ng4+ Kd6 38.
Kg2 Bd4 39. Nf2 Bxf2 40. Kxf2 Kc5 41. Ke2 Kc4 42. Kf2 Kd4 43. a4 Bxa4 44.
Bxa4 Kd3 45. Kg2 c2 46. Bxc2+ Kxc2 47. Kh3 Kd3 48. Kh4 Ke2 0-1

[Event "Bunratty Masters 2019"]
[Site "Bunratty IRL"]
[Date "2019.02.22"]
[Round "1.3"]
[White "Short, Nigel"]
[Black "Moran, Stephen"]
[Result "1-0"]
[WhiteTitle "GM"]
[WhiteElo "2648"]
[BlackElo "2155"]
[BlackICU "2145"]
[WhiteClub "Guildford ENG"]
[BlackClub "T.C.D."]
[WhiteNationality "ENG"]
[BlackNationality "IRL"]
[WhiteFideId "400025"]
[BlackFideId "2501872"]
[PlyCount "41"]
[EventDate "2019.02.22"]
[Source "Live boards / tournament organizers"]
[ICUid "48698"]

{ Annotator: "TA", <a
href="https://en.chessbase.com/post/bunratty-chess-festival-2019">ChessBase.com</a>,
February 26, 2019. } { Event information: <a
href="https://www.irlchess.com/bunratty2019_allfiles/pairings_bunratty2019.html">Tournament
report</a>. }

1. e4 e6 2. d4 d5 3. Nc3 Nf6 4. exd5 exd5 5. Bg5 Be7 6. Qd2 O-O 7. O-O-O
Nc6 8. f3 a6 9. h4 b5 10. Re1 Rb8 11. g4 b4 12. Na4 Na5 13. b3 Bd7 14. Nc5
Bb5 15. Ne2 Nb7 16. Nxb7 Rxb7 17. Ng3 Bd7 18. Bd3 a5 19. Rxe7 Qxe7 20. Nh5
Rb6 21. Bxf6 1-0

[Event "Bunratty Masters 2019"]
[Site "Bunratty IRL"]
[Date "2019.02.22"]
[Round "1.4"]
[White "O'Connor, Jonathan"]
[Black "Turner, Matthew"]
[Result "0-1"]
[BlackTitle "GM"]
[WhiteElo "2208"]
[BlackElo "2519"]
[WhiteClub "Dublin"]
[BlackClub "Barbican ENG"]
[WhiteNationality "IRL"]
[BlackNationality "SCO"]
[WhiteFideId "2501112"]
[BlackFideId "402893"]
[PlyCount "122"]
[EventDate "2019.02.22"]
[Source "Live boards / tournament organizers"]
[ICUid "48699"]

{ Annotator: "TA", <a
href="https://en.chessbase.com/post/bunratty-chess-festival-2019">ChessBase.com</a>,
February 26, 2019. } { Event information: <a
href="https://www.irlchess.com/bunratty2019_allfiles/pairings_bunratty2019.html">Tournament
report</a>. }

1. e4 e5 2. Nc3 Nf6 3. f4 d5 4. fxe5 Nxe4 5. Qf3 Nxc3 6. bxc3 Qh4+ 7. g3
Qe4+ 8. Qxe4 dxe4 9. Bg2 Nc6 10. Bxe4 Nxe5 11. Rb1 Bd6 12. Nf3 Nd7 13. d4
Nb6 14. O-O O-O 15. Bd3 Bg4 16. Ng5 h6 17. Ne4 Be6 18. a4 Bd5 19. a5 Nc4
20. Rb5 Bxe4 21. Bxe4 Rab8 22. Bd3 c6 23. Rbf5 b5 24. axb6 Nxb6 25. Ra5 Rb7
26. Ba3 Bxa3 27. Rxa3 Re8 28. Rfa1 Ree7 29. Kf2 Nd5 30. Re1 Rxe1 31. Kxe1
g6 32. Ra6 Rc7 33. Kd2 Kg7 34. Be4 Nb6 35. Kd3 c5 36. Ra5 f5 37. Bg2 Nd7
38. Ra6 c4+ 39. Kd2 Nf6 40. Ra4 g5 41. Ra5 Kg6 42. Ra6 f4 43. gxf4 gxf4 44.
Ra5 Re7 45. Ra6 Kf5 46. Ra5+ Kg6 47. Ra6 Kg7 48. Rc6 Ng4 49. h4 Nh2 50. Ra6
f3 51. Bh3 f2 52. Ra1 Nf3+ 53. Kc1 Re1+ 54. Kb2 Rxa1 55. Kxa1 Nd2 56. Kb2
f1=Q 57. Bxf1 Nxf1 58. Ka3 Kf6 59. Kb4 Ne3 60. Kc5 Ke7 61. d5 a5 0-1

[Event "Bunratty Masters 2019"]
[Site "Bunratty IRL"]
[Date "2019.02.22"]
[Round "1.7"]
[White "Lopez, Alex"]
[Black "Moynihan, Kieran"]
[Result "0-1"]
[WhiteTitle "IM"]
[WhiteElo "2427"]
[BlackElo "2115"]
[WhiteICU "2464"]
[BlackICU "2112"]
[WhiteClub "Cork"]
[BlackClub "C.C.Y.M.S."]
[WhiteNationality "IRL"]
[BlackNationality "IRL"]
[WhiteFideId "2501430"]
[BlackFideId "2500663"]
[PlyCount "74"]
[EventDate "2019.02.22"]
[Source "Live boards / tournament organizers"]

{ Event information: <a
href="https://www.irlchess.com/bunratty2019_allfiles/pairings_bunratty2019.html">Tournament
report</a>. }

1. d4 f5 2. Nc3 d5 3. Bf4 a6 4. e3 e6 5. h3 Nf6 6. Nf3 c5 7. Be2 Nc6 8. O-O
Be7 9. Na4 c4 10. b3 b5 11. Nc5 Ne4 12. Nxe4 fxe4 13. Ne5 Nxe5 14. Bxe5 O-O
15. a4 Bd7 16. f3 exf3 17. Bxf3 Bf6 18. Bxf6 Rxf6 19. axb5 axb5 20. Qd2 Bc6
21. Bg4 Rxa1 22. Rxa1 Qc7 23. Qa5 Qb8 24. Qe1 Be8 25. Ra6 h5 26. Bxe6+ Kh8
27. e4 Qf4 28. bxc4 dxc4 29. d5 Bg6 30. Ra8+ Kh7 31. e5 Qd4+ 32. Kh1 Rf2
33. Bg8+ Kh6 34. Qc1+ Rd2 35. Ra6 Qf2 36. Qg1 Qe2 37. Ra1 Be4 0-1

[Event "Bunratty Masters 2019"]
[Site "Bunratty IRL"]
[Date "2019.02.22"]
[Round "1.8"]
[White "Rawlinson, Aidan"]
[Black "Hebden, Mark"]
[Result "1/2-1/2"]
[BlackTitle "GM"]
[WhiteElo "2145"]
[BlackElo "2417"]
[WhiteClub "Greater Manchester ENG"]
[BlackClub "Syston ENG"]
[WhiteNationality "ENG"]
[BlackNationality "ENG"]
[WhiteFideId "413496"]
[BlackFideId "400084"]
[PlyCount "88"]
[EventDate "2019.02.22"]
[Source "Live boards / tournament organizers"]

{ Event information: <a
href="https://www.irlchess.com/bunratty2019_allfiles/pairings_bunratty2019.html">Tournament
report</a>. }

1. d4 Nf6 2. c4 g6 3. g3 Bg7 4. Bg2 O-O 5. Nc3 d6 6. Nf3 Nc6 7. O-O Rb8 8.
b3 a6 9. d5 Na5 10. Bg5 c5 11. dxc6 Nxc6 12. Rc1 Bf5 13. Qd2 Ne4 14. Nxe4
Bxe4 15. Rfd1 Re8 16. Bh3 Bxf3 17. exf3 Qb6 18. Be3 Qc7 19. f4 Rbd8 20. f5
Ne5 21. Qe2 Nd7 22. fxg6 hxg6 23. Bg2 a5 24. h4 Nf6 25. Bf3 a4 26. h5 gxh5
27. Bxh5 axb3 28. axb3 Qa5 29. Bf3 Qb4 30. Qd3 Nd7 31. Kg2 Ne5 32. Qe4 Qxb3
33. Rh1 Ng6 34. Qg4 Rc8 35. Qh5 Qd3 36. Bxb7 Rb8 37. Rhd1 Qa3 38. Be4 Rb2
39. Rd3 Qa2 40. Bxg6 fxg6 41. Qxg6 Rf8 42. Qe6+ Rf7 43. Qc8+ Rf8 44. Qe6+
Rf7 1/2-1/2

[Event "Bunratty Masters 2019"]
[Site "Bunratty IRL"]
[Date "2019.02.22"]
[Round "1.9"]
[White "Lalic, Bogdan"]
[Black "Wolferink, Frans"]
[Result "1-0"]
[WhiteTitle "GM"]
[WhiteElo "2406"]
[BlackElo "2086"]
[WhiteClub "Wood Green ENG"]
[WhiteNationality "CRO"]
[BlackNationality "NED"]
[WhiteFideId "409081"]
[BlackFideId "1003917"]
[PlyCount "59"]
[EventDate "2019.02.22"]
[Source "Live boards / tournament organizers"]
[WhiteFullName "Lali&#263;, Bogdan"]

{ Event information: <a
href="https://www.irlchess.com/bunratty2019_allfiles/pairings_bunratty2019.html">Tournament
report</a>. }

1. c4 Nf6 2. Nc3 d5 3. cxd5 Nxd5 4. g3 g6 5. Bg2 Nb6 6. d3 Bg7 7. Be3 Nc6
8. Bxc6+ bxc6 9. Qd2 h6 10. Rc1 Nd5 11. Nf3 Nxe3 12. Qxe3 O-O 13. O-O Be6
14. b3 Kh7 15. Rc2 Qd6 16. Rfc1 f5 17. Nb5 f4 18. Nxd6 fxe3 19. Ne4 exf2+
20. Nxf2 Bd5 21. Kg2 Rf7 22. e4 Raf8 23. exd5 Rxf3 24. Re2 c5 25. Nh3 g5
26. Rxc5 Rxd3 27. Nf2 Rdf3 28. Rxc7 R8f7 29. Ne4 Rd3 30. d6 1-0

[Event "Bunratty Masters 2019"]
[Site "Bunratty IRL"]
[Date "2019.02.22"]
[Round "1.10"]
[White "Menzies, Colin"]
[Black "Wells, Peter"]
[Result "0-1"]
[BlackTitle "GM"]
[WhiteElo "2170"]
[BlackElo "2415"]
[WhiteClub "Rangers ENG"]
[BlackClub "White Rose ENG"]
[WhiteNationality "IRL"]
[BlackNationality "ENG"]
[WhiteFideId "2502755"]
[BlackFideId "400327"]
[PlyCount "46"]
[EventDate "2019.02.22"]
[Source "Live boards / tournament organizers"]

{ Event information: <a
href="https://www.irlchess.com/bunratty2019_allfiles/pairings_bunratty2019.html">Tournament
report</a>. }

1. Nf3 Nf6 2. c4 e6 3. e3 b6 4. g3 Bb7 5. Bg2 d5 6. cxd5 exd5 7. O-O Be7 8.
b3 O-O 9. Bb2 Re8 10. Qc2 c5 11. d4 Na6 12. Nc3 Rc8 13. Bh3 Nb4 14. Qb1 Rb8
15. Rd1 Bf8 16. Ba3 a5 17. Bf1 Ng4 18. dxc5 Qf6 19. Rd4 Nxe3 20. fxe3 Qxf3
21. Bc1 Bxc5 22. Bg2 Qf6 23. Rh4 Qxc3 0-1

[Event "Bunratty Masters 2019"]
[Site "Bunratty IRL"]
[Date "2019.02.22"]
[Round "1.11"]
[White "Collins, Sam"]
[Black "Horvath, Gabor"]
[Result "1-0"]
[WhiteTitle "IM"]
[BlackTitle "FM"]
[WhiteElo "2429"]
[BlackElo "2252"]
[WhiteICU "2399"]
[BlackICU "2074"]
[WhiteClub "Gonzaga"]
[BlackClub "Galway"]
[WhiteNationality "IRL"]
[BlackNationality "HUN"]
[WhiteFideId "2501198"]
[BlackFideId "720003"]
[PlyCount "95"]
[EventDate "2019.02.22"]
[Source "Live boards / tournament organizers"]
[BlackFullName "Horv&aacute;th, G&aacute;bor"]

{ Event information: <a
href="https://www.irlchess.com/bunratty2019_allfiles/pairings_bunratty2019.html">Tournament
report</a>. }

1. e4 e6 2. d3 d5 3. Nd2 Nf6 4. Ngf3 g6 5. g3 Bg7 6. Bg2 O-O 7. O-O c5 8.
c3 Nc6 9. Re1 a5 10. a4 b6 11. exd5 Nxd5 12. Nc4 Qc7 13. Bd2 h6 14. Rc1 Ba6
15. Qb3 Rab8 16. d4 b5 17. axb5 Bxb5 18. dxc5 Bxc4 19. Qxc4 Rxb2 20. Re2
Rfb8 21. Nd4 Ne5 22. Qa6 Kh7 23. Bxd5 exd5 24. Bf4 Rxe2 25. Qxe2 Re8 26. c6
Qb6 27. Bxe5 Bxe5 28. Qb5 Qd8 29. Ra1 Re7 30. Rxa5 Bxd4 31. cxd4 Rc7 32.
Qb6 Qd6 33. Rc5 Kg7 34. Kg2 h5 35. h4 Rc8 36. Rc3 Qe6 37. Qb7 Kg8 38. c7
Qd7 39. Qc6 Qxc6 40. Rxc6 Kf8 41. Kf3 Ke7 42. Kf4 f5 43. f3 Kf7 44. g4 hxg4
45. fxg4 Ke7 46. h5 gxh5 47. gxh5 Kd7 48. Rc5 1-0

[Event "Bunratty Masters 2019"]
[Site "Bunratty IRL"]
[Date "2019.02.22"]
[Round "1.12"]
[White "Nettleton, Charlie B."]
[Black "Hunt, Adam"]
[Result "1/2-1/2"]
[BlackTitle "IM"]
[WhiteElo "2064"]
[BlackElo "2397"]
[WhiteClub "Uxbridge ENG"]
[BlackClub "Blackthorne Russia ENG"]
[WhiteNationality "ENG"]
[BlackNationality "ENG"]
[WhiteFideId "419710"]
[BlackFideId "403970"]
[PlyCount "71"]
[EventDate "2019.02.22"]
[Source "Live boards / tournament organizers"]

{ Event information: <a
href="https://www.irlchess.com/bunratty2019_allfiles/pairings_bunratty2019.html">Tournament
report</a>. }

1. e4 c5 2. Nf3 d6 3. d4 cxd4 4. Nxd4 Nf6 5. Nc3 a6 6. h3 e6 7. g4 b5 8.
Bg2 Bb7 9. g5 Nfd7 10. f4 Be7 11. Be3 Nc6 12. Nxc6 Bxc6 13. Qg4 Rc8 14.
O-O-O Qc7 15. Kb1 Qb7 16. f5 Ne5 17. Qf4 b4 18. Ne2 Nc4 19. Bc1 Bb5 20. f6
gxf6 21. gxf6 Bf8 22. Bf3 h5 23. e5 Qb6 24. exd6 Bxd6 25. Qg5 Na3+ 26. bxa3
Bxe2 27. Rxd6 Qxd6 28. Bxe2 bxa3 29. c4 Qb4+ 30. Kc2 Qa4+ 31. Kc3 a5 32.
Rd1 Qb4+ 33. Kc2 Qa4+ 34. Kc3 Qb4+ 35. Kc2 Qa4+ 36. Kc3 1/2-1/2

[Event "Bunratty Masters 2019"]
[Site "Bunratty IRL"]
[Date "2019.02.22"]
[Round "1.13"]
[White "Heidenfeld, Mark"]
[Black "Melaugh, Gavin"]
[Result "1-0"]
[WhiteTitle "IM"]
[WhiteElo "2358"]
[BlackElo "2078"]
[WhiteICU "2293"]
[BlackICU "2038"]
[WhiteClub "Kilkenny"]
[BlackClub "Elm Mount"]
[WhiteNationality "IRL"]
[BlackNationality "IRL"]
[WhiteFideId "2500990"]
[BlackFideId "2509571"]
[PlyCount "78"]
[EventDate "2019.02.22"]
[Source "Live boards / tournament organizers"]

{ Event information: <a
href="https://www.irlchess.com/bunratty2019_allfiles/pairings_bunratty2019.html">Tournament
report</a>. }

1. e4 d6 2. d4 Nf6 3. Nc3 Nbd7 4. f4 e5 5. Nf3 exd4 6. Qxd4 c6 7. Be3 d5 8.
exd5 Bc5 9. Qd3 O-O 10. O-O-O Bb4 11. dxc6 bxc6 12. Ne5 Qc7 13. Qc4 Nxe5
14. Qxb4 Rb8 15. Qd6 Qb7 16. Qxe5 Qxb2+ 17. Kd2 Ng4 18. Qc5 Nxe3 19. Kxe3
Bg4 20. Bd3 Bxd1 21. Rxd1 Rfe8+ 22. Kf3 Qb4 23. Qxb4 Rxb4 24. a3 Rb2 25.
Be4 Kf8 26. Rd7 Re7 27. Rd8+ Re8 28. Rxe8+ Kxe8 29. Bxc6+ Ke7 30. Ba4 a5
31. Bb3 f6 32. Ke3 a4 33. Bxa4 Rb8 34. Bb5 Ke6 35. Kd4 g5 36. fxg5 fxg5 37.
a4 h6 38. Nd5 Rc8 39. c4 Rc5 1-0

[Event "Bunratty Masters 2019"]
[Site "Bunratty IRL"]
[Date "2019.02.22"]
[Round "1.14"]
[White "Fox, Anthony"]
[Black "Bates, Richard"]
[Result "0-1"]
[BlackTitle "IM"]
[WhiteElo "2041"]
[BlackElo "2351"]
[WhiteICU "2027"]
[WhiteClub "Dun Laoghaire"]
[BlackClub "Hackney ENG"]
[WhiteNationality "IRL"]
[BlackNationality "ENG"]
[WhiteFideId "2500736"]
[BlackFideId "403555"]
[PlyCount "46"]
[EventDate "2019.02.22"]
[Source "Live boards / tournament organizers"]

{ Event information: <a
href="https://www.irlchess.com/bunratty2019_allfiles/pairings_bunratty2019.html">Tournament
report</a>. }

1. e4 c5 2. Nc3 Nc6 3. g3 g6 4. Bg2 Bg7 5. d3 d6 6. Nge2 e5 7. O-O Nge7 8.
Be3 O-O 9. Qd2 Nd4 10. f4 Be6 11. Nd1 Qd7 12. c3 Nxe2+ 13. Qxe2 Rac8 14. c4
b5 15. Rc1 exf4 16. gxf4 bxc4 17. dxc4 f5 18. Nc3 fxe4 19. Bxe4 Nf5 20.
Bxf5 Bxf5 21. Qd2 Rce8 22. Bf2 Bh3 23. Rfe1 Qg4+ 0-1

[Event "Bunratty Masters 2019"]
[Site "Bunratty IRL"]
[Date "2019.02.22"]
[Round "1.15"]
[White "O'Donnell, Conor"]
[Black "Fegan, Chris"]
[Result "1-0"]
[WhiteTitle "FM"]
[WhiteElo "2377"]
[BlackElo "2024"]
[WhiteICU "2342"]
[WhiteClub "Gonzaga"]
[BlackClub "4NCL C.S.C. ENG"]
[WhiteNationality "IRL"]
[BlackNationality "ENG"]
[WhiteFideId "2504243"]
[BlackFideId "410047"]
[PlyCount "69"]
[EventDate "2019.02.22"]
[Source "Live boards / tournament organizers"]

{ Event information: <a
href="https://www.irlchess.com/bunratty2019_allfiles/pairings_bunratty2019.html">Tournament
report</a>. }

1. d4 d5 2. c4 e6 3. Nc3 Nf6 4. cxd5 exd5 5. Bg5 Nbd7 6. e3 Be7 7. Bd3 h6
8. Bh4 O-O 9. Nge2 c6 10. Qc2 Re8 11. O-O Nf8 12. f3 c5 13. Rad1 c4 14. Bf5
Bxf5 15. Qxf5 Qd7 16. Qxd7 N8xd7 17. Bxf6 Nxf6 18. Nf4 Rad8 19. e4 dxe4 20.
fxe4 g5 21. Nfe2 b5 22. Ng3 b4 23. Nce2 Ng4 24. Nf5 Bf8 25. e5 h5 26. Neg3
h4 27. Ne4 Kh8 28. Nxg5 Rd7 29. h3 f6 30. Ne4 fxe5 31. hxg4 exd4 32. Nf6
Red8 33. Nxd7 Rxd7 34. Ne3 Bc5 35. Nxc4 1-0

[Event "Bunratty Masters 2019"]
[Site "Bunratty IRL"]
[Date "2019.02.22"]
[Round "1.16"]
[White "Doyle, Hugh"]
[Black "Vicas, Marijus"]
[Result "1/2-1/2"]
[WhiteElo "2040"]
[BlackElo "2212"]
[WhiteICU "2022"]
[BlackICU "2324"]
[WhiteClub "Cork"]
[BlackClub "Gonzaga"]
[WhiteNationality "IRL"]
[BlackNationality "LTU"]
[WhiteFideId "2500876"]
[BlackFideId "12804541"]
[PlyCount "57"]
[EventDate "2019.02.22"]
[Source "Live boards / tournament organizers"]
[BlackFullName "Vi&#269;as, Marijus"]

{ Event information: <a
href="https://www.irlchess.com/bunratty2019_allfiles/pairings_bunratty2019.html">Tournament
report</a>. }

1. Nf3 Nf6 2. g3 d5 3. c4 dxc4 4. Na3 Be6 5. Bg2 g6 6. Qc2 Bg7 7. Nxc4 O-O
8. O-O c6 9. d3 Na6 10. Bd2 h6 11. b4 Rc8 12. Na5 Nd5 13. Rab1 Qd7 14. Rfc1
c5 15. bxc5 Rxc5 16. Qd1 b6 17. Nc4 Rfc8 18. e4 Ndb4 19. Rxb4 Qxd3 20. Bf1
Qxe4 21. Ra4 Qb7 22. Rxa6 Qxa6 23. Nd6 Rxc1 24. Bxc1 Rxc1 25. Qxc1 Qxa2 26.
Bc4 Bxc4 27. Nxc4 b5 28. Nce5 b4 29. Kg2 1/2-1/2

[Event "Bunratty Masters 2019"]
[Site "Bunratty IRL"]
[Date "2019.02.22"]
[Round "1.17"]
[White "Fitzsimons, David"]
[Black "Fehr, Jukka"]
[Result "1-0"]
[WhiteTitle "IM"]
[WhiteElo "2301"]
[BlackElo "1976"]
[WhiteICU "2314"]
[WhiteClub "Elm Mount"]
[BlackClub "JoeSK FIN"]
[WhiteNationality "IRL"]
[BlackNationality "FIN"]
[WhiteFideId "2501961"]
[BlackFideId "4674693"]
[PlyCount "67"]
[EventDate "2019.02.22"]
[Source "Live boards / tournament organizers"]

{ Event information: <a
href="https://www.irlchess.com/bunratty2019_allfiles/pairings_bunratty2019.html">Tournament
report</a>. }

1. e4 e6 2. d4 d5 3. Nd2 Nf6 4. e5 Nfd7 5. Bd3 c5 6. c3 Nc6 7. Ne2 cxd4 8.
cxd4 f6 9. exf6 Qxf6 10. Nf3 h6 11. O-O Bd6 12. Be3 O-O 13. Qd2 e5 14. dxe5
Ndxe5 15. Nxe5 Nxe5 16. Bc2 Be6 17. Bd4 Qf7 18. Ng3 Nc4 19. Qd3 g5 20. Rae1
Rae8 21. b3 Nb6 22. Bd1 g4 23. Bc2 h5 24. Qg6+ Qxg6 25. Bxg6 Bxg3 26. Bxe8
Bxh2+ 27. Kxh2 Rxe8 28. Re5 Nd7 29. Rxh5 Kf7 30. Rh7+ Kg6 31. Rg7+ Kf5 32.
Re1 b6 33. Kg3 Rg8 34. Re7 1-0

[Event "Bunratty Masters 2019"]
[Site "Bunratty IRL"]
[Date "2019.02.22"]
[Round "1.18"]
[White "Carroll, Peter"]
[Black "Pein, Malcolm"]
[Result "1-0"]
[BlackTitle "IM"]
[WhiteElo "1953"]
[BlackElo "2313"]
[WhiteICU "2010"]
[WhiteClub "Gonzaga"]
[BlackClub "Wood Green ENG"]
[WhiteNationality "IRL"]
[BlackNationality "ENG"]
[WhiteFideId "2510243"]
[BlackFideId "400289"]
[PlyCount "51"]
[EventDate "2019.02.22"]
[Source "Live boards / tournament organizers"]

{ Event information: <a
href="https://www.irlchess.com/bunratty2019_allfiles/pairings_bunratty2019.html">Tournament
report</a>. }

1. e4 e5 2. Nf3 Nc6 3. Nc3 Nf6 4. g3 Bc5 5. Bg2 d6 6. O-O a6 7. d3 Be6 8.
Be3 Qd7 9. Bxc5 dxc5 10. Ng5 Bg4 11. f3 Bh5 12. Qd2 h6 13. Nh3 g5 14. f4
gxf4 15. gxf4 Rg8 16. Kh1 O-O-O 17. fxe5 Rxg2 18. Qxg2 Rg8 19. Qf2 Nd4 20.
Ng1 Ng4 21. Qh4 Rg5 22. Nh3 Nf2+ 23. Rxf2 Nf3 24. e6 fxe6 25. Qf4 Rg8 26.
Rxf3 1-0

[Event "Bunratty Masters 2019"]
[Site "Bunratty IRL"]
[Date "2019.02.22"]
[Round "1.19"]
[White "Connell, Blair"]
[Black "McDonnell, James J."]
[Result "1-0"]
[WhiteElo "2239"]
[BlackElo "1825"]
[BlackICU "2005"]
[WhiteClub "Battersea ENG"]
[BlackClub "Steatham ENG"]
[WhiteNationality "ENG"]
[BlackNationality "IRL"]
[WhiteFideId "403725"]
[BlackFideId "2500787"]
[PlyCount "61"]
[EventDate "2019.02.22"]
[Source "Live boards / tournament organizers"]

{ Event information: <a
href="https://www.irlchess.com/bunratty2019_allfiles/pairings_bunratty2019.html">Tournament
report</a>. }

1. d4 d5 2. Bf4 Nf6 3. e3 c5 4. Nc3 e6 5. Nb5 Na6 6. c3 Be7 7. a4 O-O 8. h3
Ne4 9. Nf3 cxd4 10. exd4 Bd7 11. Bd3 f5 12. O-O Bxb5 13. axb5 Nc7 14. Ra5
Nd6 15. Qa4 b6 16. Rxa7 Rxa7 17. Qxa7 Ncxb5 18. Qa6 Nc7 19. Qxb6 Na8 20.
Qxd8 Rxd8 21. Re1 Ne4 22. Ne5 Bf6 23. f3 Bxe5 24. Bxe5 Nd6 25. Ra1 Nf7 26.
Bg3 g5 27. f4 Kg7 28. Ra7 Kg6 29. fxg5 Nxg5 30. Be5 Nf7 31. Ra6 1-0